Lowest High School GPA's of 2017 NFL QB's - Statistics

General Stats
  • This quiz has been taken 453 times
  • The average score is 4 of 15
Answer Stats
GPA Quarter Back % Correct
1.99 Russell Wilson
50%
1.84 Jared Goff
42%
1.40 Dak Prescott
38%
1.93 Alex Smith
37%
1.59 Ben Roethlisberger
35%
1.71 Kirk Cousins
30%
1.10 Jay Cutler
28%
2.04 Blake Bortles
21%
1.11 Johnny Manziel
15%
1.90 Sam Bradford
15%
2.13 Josh McCown
14%
1.26 Mark Sanchez
10%
1.80 EJ Manuel
6%
0.93 Mike Glennon
6%
1.94 Ryan Mallett
5%
No matching quizzes found
Score Distribution
Percent of People with Each Score
Percentile by Number Answered
Your Score History
You have not taken this quiz